000
00325nam a22001457a 4500
003
OSt
005
20160727222347.0
008
160621b xxu||||| |||| 00| 0 eng d
040
_c
test
100
_9
275
_a
Donnelly, K,
245
_a
Doberman Pinschers
260
_a
N.Y
_c
1979
300
_a
Doberman Pinschers
942
_2
ddc
_c
BK
999
_c
223
_d
223